Mass transfer operations for the practicing engineer
Đã lưu trong:
| Tác giả chính: | |
|---|---|
| Định dạng: | Sách |
| Ngôn ngữ: | Tiếng Anh |
| Được phát hành: |
Cram101 Inc.
2012
|
| Phiên bản: | 1a. ed |
| Những chủ đề: | |
| Các nhãn: |
Thêm thẻ
Không có thẻ, Là người đầu tiên thẻ bản ghi này!
|
MARC
| LEADER | 00000cam a2200000 a 4500 | ||
|---|---|---|---|
| 001 | UCF4314 | ||
| 003 | CL-VaPUC | ||
| 008 | 121130e20120000US |||||||||||||||||eng|d | ||
| 020 | |a 9781618308375 | ||
| 082 | 0 | 4 | |a 660.2843 |b THE |2 21 |
| 100 | 0 | |a Theodore, Louis |e author |9 565808 | |
| 245 | 1 | 0 | |a Mass transfer operations for the practicing engineer |
| 250 | |a 1a. ed | ||
| 300 | |a 121 p | ||
| 942 | |c BK | ||
| 945 | |d 20121130 00:00:00 |a dcastane | ||
| 260 | |b Cram101 Inc. |c 2012 | ||
| 650 | 0 | |a Transferencia de masa |9 259375 | |
| 650 | 0 | |a Fluidos |9 259333 | |
| 650 | 0 | |a Gases |9 260945 | |
| 650 | 0 | |a Destilación |9 263952 | |
| 650 | 7 | |a INGENIERIA QUIMICA |2 CL-VaPUC |9 8 | |
| 583 | |a last modification |c 20121130 23:21:00 |k Rodrigo Vera | ||
| 999 | |c 350121 |d 350119 | ||
| 952 | |0 0 |1 0 |4 0 |6 660_284300000000000_THE_2012 |7 0 |8 F |9 453267 |a BIBING |b BIBING |d 2019-11-22 |i 4927915 |o 660.2843 THE 2012 |p 4927915 |r 2025-01-20 |w 2019-11-22 |y BK_F |k EIQ | ||